000 00301nam a2200121Ia 4500
005 20251222141807.0
008 251222s9999||||xx |||||||||||||| ||spa||
082 _a255.51/C46/Ej.2
100 _aCastellano Cervera, Jesús
245 0 _aAkathistos:
264 _bCentro de Cultura Mariana
942 _cLIB
999 _c6345
_d6345